| Tag |
First Indicator |
Second Indicator |
Subfields |
| LEADER |
00000nam a22000005i 4500 |
| 001 |
in00004740513 |
| 006 |
m o d |
| 007 |
cr nn 008mamaa |
| 008 |
230618s2023 si | o |||| 0|eng d |
| 005 |
20240805192135.8 |
| 020 |
|
|
|a 9789819910311
|
| 024 |
7 |
|
|a 10.1007/978-981-99-1031-1
|2 doi
|
| 035 |
|
|
|a (DE-He213)978-981-99-1031-1
|
| 050 |
|
4 |
|a QC173.96-174.52
|
| 072 |
|
7 |
|a PHQ
|2 bicssc
|
| 072 |
|
7 |
|a SCI057000
|2 bisacsh
|
| 072 |
|
7 |
|a PHQ
|2 thema
|
| 082 |
0 |
4 |
|a 530.12
|2 23
|
| 100 |
1 |
|
|a Bayın, Selçuk Ş.
|e author.
|4 aut
|4 http://id.loc.gov/vocabulary/relators/aut
|
| 245 |
1 |
4 |
|a The Pursuit of Reality :
|b Narrative History of the Quantum and the Great Minds That Made it /
|c by Selçuk Ş. Bayın.
|
| 250 |
|
|
|a 1st ed. 2023.
|
| 264 |
|
1 |
|a Singapore :
|b Springer Nature Singapore :
|b Imprint: Springer,
|c 2023.
|
| 300 |
|
|
|a 1 online resource (IX, 228 pages 55 illustrations, 1 illustrations in color.)
|
| 336 |
|
|
|a text
|b txt
|2 rdacontent
|
| 337 |
|
|
|a computer
|b c
|2 rdamedia
|
| 338 |
|
|
|a online resource
|b cr
|2 rdacarrier
|
| 347 |
|
|
|a text file
|b PDF
|2 rda
|
| 505 |
0 |
|
|a 1. The Quest For Knowledge -- 2. Perpetual Motion Dream -- 3. Born Rebellious -- 4. Atoms and Radioactivity -- 5. Revolution Within Revolution -- 6. Schr¨odiger's Wave Mechanics -- 7. Complementarity Embraces Particles and Waves -- 8. Sixth Solvay Conference and Titans Meet Again -- 9. Einstein at Princeton -- 10. Bohm's Hidden Variables and Bell's Inequality -- 11. The Gist of Quantum Mechanics -- 12. Can We Ever Hope to Understand Quantum Mechanics? -- 13. Navigating Between the Classical and the Quantum Worlds -- 14. Mathematics, Physics, and Nature.
|
| 520 |
|
|
|a In a highly accessible style, this book presents a narrative history of the quantum theory with the new developments that intrigue all inquisitive minds. Quantum theory is counter-intuitive and sometimes downright weird. Even Nobel Laureate physicists like Richard Feynman admit that they do not understand it. Yet, so far, there is not a shred of experimental data that conflicts with its predictions. Its effect on our lives is bound to increase with the quantum information era ushered in by the great Bohr-Einstein debate. Tantalizing applications of quantum information like teleportation, spy-proof communication, super-fast quantum computers, and more are going to influence our lives and change our beliefs about the nature of physical reality. This book takes the reader on an exhilarating journey through the intellectual history of quantum that is turning out to be more surprising every day.
|
| 650 |
|
0 |
|a Quantum physics.
|
| 650 |
|
0 |
|a Mathematics.
|
| 650 |
|
0 |
|a Mathematical physics.
|
| 650 |
1 |
4 |
|a Quantum Physics.
|
| 650 |
2 |
4 |
|a Applications of Mathematics.
|
| 650 |
2 |
4 |
|a Theoretical, Mathematical and Computational Physics.
|
| 655 |
|
7 |
|a Electronic books.
|2 local
|
| 710 |
2 |
|
|a SpringerLink (Online service)
|
| 773 |
0 |
|
|t Springer Nature eBook
|
| 776 |
0 |
8 |
|i Printed edition:
|z 9789819910304
|
| 776 |
0 |
8 |
|i Printed edition:
|z 9789819910328
|
| 776 |
0 |
8 |
|i Printed edition:
|z 9789819910335
|
| 856 |
4 |
0 |
|u http://proxy.library.tamu.edu/login?url=https://doi.org/10.1007/978-981-99-1031-1
|z Connect to the full text of this electronic book
|t 0
|
| 950 |
|
|
|a Physics and Astronomy (SpringerNature-11651)
|
| 950 |
|
|
|a Physics and Astronomy (R0) (SpringerNature-43715)
|
| 955 |
|
|
|a Springer EBA Purchase
|
| 999 |
f |
f |
|s 6192a629-a1f2-455d-a266-6dba637c3792
|i edbcbf71-542b-433b-a883-c08e1749c77c
|t 0
|
| 952 |
f |
f |
|a Texas A&M University
|b College Station
|c Electronic Resources
|d Available Online
|t 0
|e QC173.96-174.52
|h Library of Congress classification
|
| 998 |
f |
f |
|a QC173.96-174.52
|t 0
|l Available Online
|